Fernando M. Palmés, S.J. (Record no. 63855)
[ view plain ]
| 000 -LEADER | |
|---|---|
| campo de control de longitud fija | 00758nam a2200181 i 4500 |
| 001 - NÚMERO DE CONTROL | |
| campo de control | 63855 |
| 003 - IDENTIFICADOR DE NÚMERO DE CONTROL | |
| campo de control | ES-MaACL |
| 005 - FECHA Y HORA DE LA ÚLTIMA TRANSACCIÓN | |
| campo de control | 20230906165002.0 |
| 007 - CAMPO FIJO DE DESCRIPCIÓN FÍSICA--INFORMACIÓN GENERAL | |
| campo de control de longitud fija | t| |
| 008 - DATOS DE LONGITUD FIJA--INFORMACIÓN GENERAL | |
| campo de control de longitud fija | 031217s1949 sp ||||1| spa d |
| 100 1# - ENTRADA PRINCIPAL--NOMBRE DE PERSONA | |
| Nombre de persona | Filella Escola, Pedro. |
| 9 (RLIN) | 50829 |
| 245 10 - MENCIÓN DEL TÍTULO | |
| Título | Fernando M. Palmés, S.J. |
| Resto del título | : investigador de reconocido mérito / |
| Mención de responsabilidad, etc. | por Pedro Filella Escola. |
| 260 ## - PUBLICACIÓN, DISTRIBUCIÓN, ETC. | |
| Lugar de publicación, distribución, etc. | Lérida : |
| Nombre del editor, distribuidor, etc. | [s.n.], |
| Fecha de publicación, distribución, etc. | 1949 ( |
| Fabricante | Imp. Escuela Provincial) |
| 300 ## - DESCRIPCIÓN FÍSICA | |
| Extensión | 17 p., 1 lám. : |
| Otras características físicas | retr. aut. ; |
| Dimensiones | 25 cm. |
| 500 ## - NOTA GENERAL | |
| Nota general | Precede al tít.: Instituto de Estudios Ilerdenses de la Excma. Diputación Provincial de Lérida. Delegación del Consejo Superior de Investigaciones Científicas. |
| 710 2# - ENTRADA AGREGADA--NOMBRE DE ENTIDAD CORPORATIVA | |
| Nombre de entidad corporativa o nombre de jurisdicción como elemento de entrada | Instituto de Estudios Ilerdenses. |
| 9 (RLIN) | 4911 |
| 852 ## - LOCALIZACIÓN | |
| Ubicación | ES-MaACL |
| Número de control de estantería | 1914-F-10 |
| Sublocalización o colección | R.29997 |
| Estatus retirado | Estado de pérdida | Estado de daño | No para préstamo | Colección | Biblioteca de origen | Biblioteca actual | Ubicación en estantería | Fecha de adquisición | Fuente de adquisición | Total de préstamos | Signatura topográfica completa | Código de barras | Visto por última vez | Precio de reemplazo | Tipo de ítem Koha |
|---|---|---|---|---|---|---|---|---|---|---|---|---|---|---|---|
| Colección de folletos | Biblioteca del Ateneo de Madrid | Biblioteca del Ateneo de Madrid | Depósito folletos | 17/01/2008 | 1914-F-10 | 1066921 | 23/02/2023 | 23/02/2023 | Folleto |
